000 00542nam a22001817a 4500
005 20170511144757.0
010 _a738935
035 _a738935
037 _bDpl/CL
082 _a230.33
100 _aLillie,Arthur
245 _aThe life of Buddha :
_bcontaining an answer to the "hibbert Lectures"of 1881 /
_cby Arthur Lillie
260 _aDelhi
_bSeema Publications
_c1974
270 _aC-3/19, R.P. Bagh
_bDelhi
_e110007
300 _axiv,340p.
_c22cm(Hb)
500 _aIncludes index
942 _2ddc
_cEN
_h250.33
_mLIL
999 _c139719
_d139719